Banderas Rojas y Blancas - ¡Muerte súbita! - Estadísticas

Estadísticas generales
  • Esta prueba ha sido intentada 4.937 veces
  • La puntuación promedio es 12 de 17
Answers on the Grid
Answers color-coded by a green-red scale on the quiz's grid according to % correct below.
Albania
Argentina
Austria
Baréin
Canadá
Catar
China
Dinamarca
Dominica
Georgia
Grecia
Indonesia
Japón
Letonia
Liechtenstein
Luxemburgo
Maldivas
Marruecos
Mónaco
Nepal
Nigeria
Papúa Nueva Guinea
Paraguay
Perú
Polonia
Samoa
Singapur
Suiza
Timor Oriental
Tonga
Trinidad y Tobago
Túnez
Turquía
Vietnam
 
Estadísticas de respuestas
Respuesta % Correcto
Canadá
93%
Austria
90%
Japón
86%
Dinamarca
82%
Indonesia
78%
Polonia
78%
Georgia
77%
Mónaco
77%
Perú
76%
Suiza
73%
Turquía
72%
Baréin
67%
Catar
67%
Túnez
65%
Singapur
63%
Letonia
50%
Tonga
47%
No se encontraron pruebas coincidentes
Distribución de puntuación
Porcentaje de gente con cada puntuación
Porcentaje por número respondido
Historial de tus puntuaciones
No has intentado esta prueba.